000 00684nam a2200205Ia 4500
008 130821s1931 fr gr fre
040 _aCo-BoUCM
_bspa
041 0 0 _afre
100 1 _aPujarniscle, E.
_9170140
245 1 3 _aLe bonze et pirate
_cpar e. Pujarniscle ; ilustrations de Ergés
260 _aParís (Francia)
_bLibrairie Plon
_c1931
300 _a252 páginas
490 0 _aDans la Méme Collection.
_v6
_aAventures
650 _aLiteratura europea
_926524
650 _aLiteratura francesa
_97794
650 _aNovela francesa
_920506
650 _aReligión y literatura
_923511
942 _cLIBRO
_a18
_e1
_mP979b
_2DEWEY
_h843.9
999 _c78918
_d78918